| 000 | 00730nam a2200253 a 4500 | ||
|---|---|---|---|
| 999 |
_c4457 _d4457 |
||
| 001 | 4457 | ||
| 003 | BD-JhCC | ||
| 005 | 20171128125709.0 | ||
| 008 | 171127s1989 as |||| ||a| 00| 0 eng d | ||
| 020 | _a0816018235 | ||
| 035 | _a(BD-JhCC)4457 | ||
| 040 |
_aBD-JhCC _dBD-JhCC |
||
| 041 | _aeng | ||
| 082 |
_a355.003 _bSHA 1989 |
||
| 100 | _aShafritz, Jay M. | ||
| 245 |
_aThe Facts On File : _bDictionary Of Mioitary Science / _cJay M. Shafritz; Todd J. A. Shafritz and David B . Robertson. |
||
| 260 |
_aNew York : _bFacts On File, _c1989. |
||
| 300 |
_a498 p. : _c23 cm. |
||
| 650 | _aMilitary art and Science | ||
| 700 | _aShafritz, Todd J. A. | ||
| 700 | _aRobertson, David B . | ||
| 942 |
_2ddc _cBK |
||